Les 20 pays les plus corrompus - Statistiques

Statistiques générales
  • Ce quiz a été pris 123 fois
  • Le résultat moyen est 10 sur 20
Statistiques - réponses
Indice de corruption Pays % Correct
20 République démocratique du Congo
75%
19 Congo
74%
18 Irak
69%
14 Corée du Nord
65%
16 Afghanistan
61%
16 Soudan
59%
13 Syrie
57%
10 Somalie
55%
18 Venezuela
54%
17 Libye
49%
13 Soudan du Sud
49%
19 Tchad
48%
14 Yemen
43%
19 Angola
39%
20 Haïti
37%
16 Guinée équatoriale
28%
17 Burundi
27%
16 Guinée-Bissau
25%
20 Turkmenistan
25%
20 Cambodge
18%
Aucun quiz correspondant
Distribution des résultats
% des personnes avec chaque résultat
Percentile par nombre de réponses
Votre historique - résultats
Vous n’avez pas pris ce quiz